[Event "Langley op"]
[Site "Langley CAN"]
[Date "2019.09.02"]
[Round "5.3"]
[White "Shinn, Jungmin"]
[Black "Petrov, Ivan"]
[Result "1/2-1/2"]
[WhiteElo "1922"]
[BlackElo "1791"]
[PlyCount "72"]
[EventDate "2019.08.31"]
[EventType "swiss"]
[EventRounds "6"]
[EventCountry "CAN"]

1. e4 c6 2. Nc3 d5 3. Nf3 Bg4 4. d4 e6 5. h3 Bh5 6. Be2 Nd7 7. O-O Bb4 8. exd5
cxd5 9. Bd2 Ngf6 10. Qe1 Be7 11. Ne5 Bxe2 12. Qxe2 Qb6 13. Qd3 Rc8 14. f4 Bd6
15. Kh1 a6 16. Rae1 O-O 17. g4 Qc7 18. g5 Bxe5 19. fxe5 Ne4 20. Qe3 Nxd2 21.
Qxd2 b5 22. Rf2 b4 23. Na4 a5 24. Ref1 Nb6 25. Nc5 Nc4 26. Qf4 Qe7 27. b3 Nb6
28. Qh4 Na8 29. Rf4 Rcd8 30. Qh5 h6 31. g6 fxg6 32. Qxg6 Nc7 33. Rf6 Rde8 34.
Rg1 Kh8 35. Rff1 Rxf1 36. Rxf1 Rf8 1/2-1/2

[Event "Langley op"]
[Site "Langley CAN"]
[Date "2019.09.02"]
[Round "5.4"]
[White "Landingin, Jofrei"]
[Black "Lehingrat, Callum"]
[Result "1/2-1/2"]
[WhiteElo "1801"]
[BlackElo "2026"]
[PlyCount "107"]
[EventDate "2019.08.31"]
[EventType "swiss"]
[EventRounds "6"]
[EventCountry "CAN"]

1. e4 c5 2. Nf3 d6 3. d4 cxd4 4. Nxd4 Nf6 5. Nc3 a6 6. Be2 e6 7. O-O Be7 8. Be3
Qc7 9. f4 Nc6 10. g4 Nd7 11. Nf3 b5 12. a3 Na5 13. g5 Nc4 14. Bxc4 Qxc4 15. Qd4
Qxd4 16. Bxd4 O-O 17. f5 Ne5 18. h4 Nc6 19. f6 Nxd4 20. fxe7 Nxf3+ 21. Rxf3 Re8
22. Raf1 Rxe7 23. Rd3 Rd7 24. Rfd1 Raa7 25. Rxd6 f6 26. Kf2 Kf7 27. Ke3 Ke7 28.
Rxd7+ Rxd7 29. Rxd7+ Bxd7 30. Kf4 fxg5+ 31. hxg5 h6 32. e5 Bc6 33. Ne2 Kf7 34.
Nd4 Bd5 35. c3 h5 36. Ne2 Kg6 37. Ng3 h4 38. Nf1 h3 39. Nh2 Kh5 40. Ng4 Kh4 41.
Nh2 Kh5 42. Ng4 Bc4 43. Nh2 Be2 44. Ke3 Bd1 45. Kf4 Kh4 46. Nf1 Be2 47. Nh2 Kh5
48. Ke3 Bd1 49. Kf4 Bb3 50. Nf3 Bd5 51. Nh2 Bc4 52. Nf3 Be2 53. Nh2 Kh4 54. Ke3
1/2-1/2

[Event "Langley op"]
[Site "Langley CAN"]
[Date "2019.09.02"]
[Round "5.5"]
[White "Talosig, Jaylord"]
[Black "Basko, Yauheni"]
[Result "0-1"]
[WhiteElo "1900"]
[BlackElo "1795"]
[PlyCount "72"]
[EventDate "2019.08.31"]
[EventType "swiss"]
[EventRounds "6"]
[EventCountry "CAN"]

1. d4 d5 2. c4 e6 3. Nc3 Nf6 4. Nf3 Be7 5. e3 c6 6. Qc2 Nbd7 7. a3 O-O 8. Bd3
b6 9. cxd5 cxd5 10. O-O Bb7 11. Qe2 a6 12. Bd2 Ne4 13. Rfc1 Nxd2 14. Qxd2 Rc8
15. Ne2 Rxc1+ 16. Rxc1 Bd6 17. Qc2 f5 18. Qa4 b5 19. Qb3 Qe7 20. Nf4 g5 21. Ne2
h5 22. Nd2 Kg7 23. f4 Rg8 24. Nf3 g4 25. Ne5 Nb6 26. Ng3 h4 27. Nf1 h3 28. g3
Nc4 29. Bb1 Nxb2 30. Qxb2 Bxa3 31. Qd2 Bxc1 32. Qxc1 Rc8 33. Qd1 Qa3 34. Nd3
Rc3 35. Nf2 Rc1 36. Qd3 Qb2 0-1

[Event "Langley op"]
[Site "Langley CAN"]
[Date "2019.09.02"]
[Round "5.6"]
[White "Taylor, Ashton"]
[Black "Leong, Ryan"]
[Result "1-0"]
[WhiteElo "1732"]
[BlackElo "1899"]
[PlyCount "119"]
[EventDate "2019.08.31"]
[EventType "swiss"]
[EventRounds "6"]
[EventCountry "CAN"]

1. Nf3 d5 2. d4 Nf6 3. Bf4 e6 4. e3 Be7 5. Bd3 b6 6. Nbd2 Bb7 7. c3 Nbd7 8. Qc2
c5 9. O-O O-O 10. h3 h6 11. Ne5 c4 12. Be2 Nxe5 13. Bxe5 Nd7 14. Nf3 Rc8 15.
Bh2 b5 16. Ne5 a5 17. f4 Qe8 18. f5 Nxe5 19. Bxe5 exf5 20. Qxf5 Rc6 21. Bg4 Bc8
22. Qf3 f5 23. Bh5 g6 24. Qg3 Bg5 25. Bf3 Qd8 26. Qe1 Be6 27. Bf4 Re8 28. Qg3
Bf7 29. Bxg5 hxg5 30. Rfe1 Rce6 31. Kf2 Rxe3 32. Rxe3 Rxe3 33. Re1 Rxe1 34.
Kxe1 Qe7+ 35. Kd2 f4 36. Qe1 Kf8 37. Qxe7+ Kxe7 38. Bg4 Be6 39. a3 Bf5 40. Ke2
Kf6 41. Kf2 Kf7 42. Kf1 Ke6 43. Kf2 Kd6 44. Bd1 Kc6 45. Bf3 Be6 46. Bg4 Bf5 47.
Bxf5 gxf5 48. Kf3 Kd6 49. h4 gxh4 50. Kxf4 Ke6 51. Kg5 a4 52. Kxh4 Kf6 53. Kh5
f4 54. Kg4 f3 55. gxf3 Kg6 56. f4 Kf6 57. f5 Kf7 58. Kg5 Kg7 59. f6+ Kf7 60.
Kf5 1-0

[Event "Langley op"]
[Site "Langley CAN"]
[Date "2019.09.02"]
[Round "5.7"]
[White "Chung, Alec"]
[Black "Su, Ethan"]
[Result "0-1"]
[WhiteElo "1848"]
[BlackElo "1720"]
[PlyCount "82"]
[EventDate "2019.08.31"]
[EventType "swiss"]
[EventRounds "6"]
[EventCountry "CAN"]

1. c4 c5 2. Nc3 e6 3. e4 Nc6 4. g3 d6 5. Bg2 a6 6. Nge2 Qc7 7. d3 b6 8. Be3 Bb7
9. Qd2 Nf6 10. h3 Be7 11. O-O O-O 12. f4 Nd7 13. f5 Bf6 14. g4 Bd4 15. Nf4
Bxe3+ 16. Qxe3 Nd4 17. Nh5 f6 18. fxe6 Nxe6 19. Nd5 Bxd5 20. cxd5 Nd4 21. Rac1
Qb7 22. b4 Ne5 23. bxc5 bxc5 24. Rb1 Qc7 25. Ng3 Rab8 26. Nf5 Nxf5 27. gxf5 Qa5
28. Qe2 Qa3 29. Rfd1 Rxb1 30. Rxb1 Nxd3 31. Rb3 Qc1+ 32. Qf1 Qe3+ 33. Kh1 c4
34. Rb7 c3 35. Rc7 Nc5 36. Qd1 Kh8 37. Qb1 Qd2 38. Rf7 Rg8 39. Qb6 c2 40. Rxg7
Kxg7 41. Qc7+ Kh8 0-1

[Event "Langley op"]
[Site "Langley CAN"]
[Date "2019.09.02"]
[Round "5.8"]
[White "Wu, Nathan"]
[Black "Williamson, Jason"]
[Result "1/2-1/2"]
[WhiteElo "1686"]
[BlackElo "1848"]
[PlyCount "132"]
[EventDate "2019.08.31"]
[EventType "swiss"]
[EventRounds "6"]
[EventCountry "CAN"]

1. d4 Nf6 2. Bf4 g6 3. Nc3 d5 4. f3 Bg7 5. Qd2 h5 6. e4 dxe4 7. fxe4 c5 8. d5
Ng4 9. Bb5+ Bd7 10. Bxd7+ Nxd7 11. Nge2 Qb6 12. h3 Nge5 13. Na4 Qb4 14. Qxb4
cxb4 15. Nd4 Nd3+ 16. cxd3 Bxd4 17. Rc1 b5 18. Ke2 bxa4 19. Rc4 Bxb2 20. Rxb4
Be5 21. Bxe5 Nxe5 22. Rc1 O-O 23. d4 Nd7 24. Rb7 Nb6 25. Rxe7 Rfe8 26. d6 Kf8
27. Rcc7 Rxe7 28. dxe7+ Ke8 29. d5 Nc8 30. Kd3 Nxe7 31. d6 Rd8 32. Rxe7+ Kf8
33. e5 Rb8 34. Rxa7 Ke8 35. Rxa4 Rb5 36. Kd4 Rb2 37. g3 Rd2+ 38. Kc5 Rc2+ 39.
Kd5 Rd2+ 40. Ke4 Re2+ 41. Kf4 Rf2+ 42. Kg5 Rf5+ 43. Kh4 Rxe5 44. Ra8+ Kd7 45.
Ra7+ Kxd6 46. Rxf7 Ke6 47. Rf8 Ra5 48. Rf2 Ra3 49. g4 Ke5 50. gxh5 gxh5 51. Rh2
Kf4 52. Kxh5 Kg3 53. Rb2 Ra5+ 54. Kg6 Kxh3 55. Kf6 Kg4 56. Ke6 Kf4 57. Kd6 Ke4
58. Kc6 Kd4 59. Kb6 Ra8 60. Kb7 Ra3 61. Rh2 Kc4 62. Kb6 Kb4 63. Rh4+ Kc3 64.
Rh3+ Kb2 65. Rxa3 Kxa3 66. Kb5 Kxa2 1/2-1/2

[Event "Langley op"]
[Site "Langley CAN"]
[Date "2019.09.02"]
[Round "5.9"]
[White "Du, Daniel"]
[Black "Qiu, Andrew Yu"]
[Result "1-0"]
[WhiteElo "1840"]
[BlackElo "1452"]
[PlyCount "121"]
[EventDate "2019.08.31"]
[EventType "swiss"]
[EventRounds "6"]
[EventCountry "CAN"]

1. c4 e5 2. g3 Nf6 3. Bg2 c6 4. Nc3 g6 5. d3 Bg7 6. Nf3 d6 7. O-O O-O 8. Rb1 a5
9. a3 Be6 10. Qc2 Qc7 11. b4 axb4 12. axb4 d5 13. c5 Nbd7 14. Bg5 Ra3 15. Nd2
Rfa8 16. Nb3 d4 17. Ne4 Ra2 18. Rb2 R8a3 19. Rxa2 Bxb3 20. Qb2 Rxa2 21. Qxb3
Nxe4 22. Bxe4 Ra8 23. Rc1 Bf8 24. f4 Kg7 25. fxe5 Nxe5 26. Bf4 f6 27. Qb2 Qd7
28. Bxe5 fxe5 29. Qb3 Be7 30. Rb1 Rf8 31. Qc4 Bg5 32. Bf3 Be3+ 33. Kg2 Qf7 34.
Qxf7+ Rxf7 35. b5 Kh6 36. bxc6 bxc6 37. Rb6 Rc7 38. Rxc6 Rxc6 39. Bxc6 Bg5 40.
Be4 Bd8 41. Kf3 Kg7 42. h4 h5 43. c6 Bc7 44. g4 Kf6 45. g5+ Kg7 46. Kf2 Ba5 47.
e3 Kf7 48. exd4 exd4 49. Ke2 Kg7 50. Kd1 Kf7 51. Kc2 Bc7 52. Kb3 Ke7 53. Bxg6
Bg3 54. Bxh5 Bxh4 55. Bg4 Kd6 56. g6 Bf6 57. Bf3 Kc7 58. Kc4 Bg7 59. Kd5 Bh8
60. Ke6 Bg7 61. Kf7 1-0

[Event "Langley op"]
[Site "Langley CAN"]
[Date "2019.09.02"]
[Round "5.10"]
[White "Gao, Justin"]
[Black "Gu, Chuyang"]
[Result "0-1"]
[WhiteElo "1086"]
[BlackElo "1826"]
[PlyCount "74"]
[EventDate "2019.08.31"]
[EventType "swiss"]
[EventRounds "6"]
[EventCountry "CAN"]

1. e4 c5 2. Nf3 d6 3. d4 cxd4 4. Nxd4 Nf6 5. Nc3 g6 6. Bc4 Bg7 7. Be3 Nc6 8.
O-O O-O 9. h3 Bd7 10. f4 Rc8 11. Bb3 Qa5 12. f5 Qe5 13. Nxc6 Bxc6 14. Bd4 Qa5
15. Bxf6 Bxf6 16. fxg6 hxg6 17. Qg4 Kg7 18. Rf3 Qc5+ 19. Kh1 a5 20. h4 Rh8 21.
Rh3 Rcd8 22. Rf1 Bd7 23. Qg3 Bxh3 24. gxh3 Rh5 25. Nd5 Qd4 26. Nxe7 Qxe4+ 27.
Kg1 Qxe7 28. c3 Qe5 29. Qg2 Rxh4 30. Qxb7 Qg3+ 31. Qg2 Qxh3 32. Qxh3 Rxh3 33.
Kg2 Rdh8 34. Bd5 Rh2+ 35. Kg3 Be5+ 36. Kg4 f5+ 37. Kf3 R8h3# 0-1

[Event "Langley op"]
[Site "Langley CAN"]
[Date "2019.09.02"]
[Round "6.1"]
[White "Doknjas, Neil"]
[Black "Nyamdorj, Davaa-Ochir"]
[Result "0-1"]
[WhiteElo "2158"]
[BlackElo "2305"]
[PlyCount "78"]
[EventDate "2019.08.31"]
[EventType "swiss"]
[EventRounds "6"]
[EventCountry "CAN"]

1. e4 c5 2. Nf3 d6 3. d4 cxd4 4. Nxd4 Nf6 5. Nc3 Nc6 6. f3 e5 7. Nb3 Be7 8. Be3
O-O 9. Qd2 a5 10. Bb5 Na7 11. Bxa7 Rxa7 12. O-O-O a4 13. Qf2 b6 14. Nxa4 Be6
15. Bc6 Rxa4 16. Bxa4 Qa8 17. Bb5 Qxa2 18. Qxb6 Nxe4 19. h4 Bxb3 20. fxe4 Rc8
21. Bd3 Bd8 22. Qb7 Be6 23. Kd2 Qa5+ 24. c3 Qc5 25. Rdf1 Ba5 26. Qb5 Qc7 27.
Rc1 Rb8 28. Qa4 Rxb2+ 29. Rc2 Qxc3+ 30. Kc1 Rxc2+ 31. Bxc2 h6 32. Rd1 Qe3+ 33.
Kb1 Qb6+ 34. Kc1 Bc3 35. Qa3 Bd4 36. Ba4 Qa5 37. Rxd4 exd4 38. Kb2 d3 39. Bd1
Qd2+ 0-1

[Event "Langley op"]
[Site "Langley CAN"]
[Date "2019.09.02"]
[Round "6.2"]
[White "Basko, Yauheni"]
[Black "Shinn, Jungmin"]
[Result "1/2-1/2"]
[WhiteElo "1795"]
[BlackElo "1922"]
[PlyCount "110"]
[EventDate "2019.08.31"]
[EventType "swiss"]
[EventRounds "6"]
[EventCountry "CAN"]

1. e4 e6 2. d4 d5 3. Nc3 Bb4 4. e5 c5 5. a3 Bxc3+ 6. bxc3 Qa5 7. Bd2 Qa4 8. Nf3
Nc6 9. dxc5 Qe4+ 10. Be3 Nxe5 11. Nxe5 Qxe5 12. Qd4 Qxd4 13. cxd4 Bd7 14. Bd3
Bc6 15. O-O Nf6 16. f3 O-O 17. Bf2 Nd7 18. Rfe1 b6 19. cxb6 Nxb6 20. f4 Bd7 21.
h3 Rfc8 22. g4 Rc3 23. Reb1 Ba4 24. Be1 Rc7 25. c3 Bd7 26. Bc2 Rb8 27. a4 Rcb7
28. f5 Nc4 29. Rxb7 Rxb7 30. fxe6 Bxe6 31. Rb1 Rxb1 32. Bxb1 Nb2 33. Bc2 Kf8
34. Bg3 h5 35. Bd6+ Ke8 36. Be5 hxg4 37. hxg4 f6 38. Bb8 a6 39. Bb3 Nd3 40. Kh2
Nc1 41. Bd1 Na2 42. a5 Nxc3 43. Bf3 Kd7 44. Ba7 Kc6 45. Kg3 Kb5 46. Bb6 Kc4 47.
Kf4 Kd3 48. g5 Nb5 49. gxf6 gxf6 50. Bg2 Ke2 51. Bf3+ Kf2 52. Bh5 Ke1 53. Be8
Bc8 54. Bc6 Nc3 55. Bc5 Kd2 1/2-1/2

[Event "Langley op"]
[Site "Langley CAN"]
[Date "2019.09.02"]
[Round "6.3"]
[White "Petrov, Ivan"]
[Black "Du, Daniel"]
[Result "1-0"]
[WhiteElo "1791"]
[BlackElo "1840"]
[PlyCount "161"]
[EventDate "2019.08.31"]
[EventType "swiss"]
[EventRounds "6"]
[EventCountry "CAN"]

1. Nf3 Nf6 2. c4 e6 3. d4 d5 4. g3 Be7 5. Bg2 O-O 6. O-O b6 7. Nc3 Bb7 8. Ne5
Nbd7 9. Qa4 c5 10. Nxd7 Qxd7 11. Qxd7 Nxd7 12. dxc5 Bxc5 13. cxd5 exd5 14. Nxd5
Rac8 15. Bf4 Bxd5 16. Bxd5 Nf6 17. Bb7 Rce8 18. Bf3 Ne4 19. Rad1 f5 20. e3 h6
21. h4 Rd8 22. Bxe4 fxe4 23. a3 a5 24. Rfe1 Rfe8 25. Kf1 Kf7 26. Ke2 Kf6 27. g4
g5 28. hxg5+ hxg5 29. Bc7 Rc8 30. Bd6 Re6 31. Bxc5 Rxc5 32. Rd2 Kg6 33. Red1
Kf6 34. Rd8 Rc2+ 35. R1d2 Rxd2+ 36. Kxd2 Kg6 37. Rg8+ Kf6 38. Rf8+ Kg6 39. Kc3
Rc6+ 40. Kd4 Rc2 41. b4 axb4 42. axb4 Rb2 43. Kxe4 Rxb4+ 44. Kf3 Rb3 45. Ke2 b5
46. Kd2 Rb1 47. Rf5 b4 48. Kc2 Re1 49. Kb2 Kh6 50. Kb3 Rb1+ 51. Kc4 b3 52. Kc3
b2 53. Kc2 Rg1 54. Kxb2 Rxg4 55. Kc3 Kg6 56. Rf8 Kg7 57. Rf3 Re4 58. Kd3 Ra4
59. Rf5 Kg6 60. e4 Ra3+ 61. Ke2 Ra2+ 62. Kf1 Ra4 63. f3 g4 64. Kf2 gxf3 65.
Kxf3 Ra1 66. Ke3 Re1+ 67. Kd4 Rd1+ 68. Kc5 Ra1 69. Rf2 Rc1+ 70. Kd6 Rd1+ 71.
Ke6 Kg7 72. e5 Re1 73. Kd6 Ra1 74. Rc2 Kf8 75. Rc8+ Kf7 76. e6+ Kf6 77. Rf8+
Kg7 78. e7 Ra6+ 79. Kc5 Ra5+ 80. Kb6 Re5 81. e8=Q 1-0

[Event "Langley op"]
[Site "Langley CAN"]
[Date "2019.09.02"]
[Round "6.4"]
[White "Gu, Chuyang"]
[Black "Taylor, Ashton"]
[Result "0-1"]
[WhiteElo "1826"]
[BlackElo "1732"]
[PlyCount "40"]
[EventDate "2019.08.31"]
[EventType "swiss"]
[EventRounds "6"]
[EventCountry "CAN"]

1. e4 d6 2. d4 Nf6 3. Nc3 g6 4. Nf3 Bg7 5. Be2 c5 6. Bg5 cxd4 7. Nxd4 O-O 8.
Qd2 Nc6 9. Nb3 Be6 10. h4 d5 11. exd5 Nxd5 12. Nxd5 Qxd5 13. O-O-O Qxg2 14. Qe3
Rad8 15. Bf3 Rxd1+ 16. Kxd1 Bg4 17. Ke2 Qxh1 18. Bxg4 Rd8 19. Nd2 Nd4+ 20. Kd3
Nf5+ 0-1

[Event "Langley op"]
[Site "Langley CAN"]
[Date "2019.09.02"]
[Round "6.5"]
[White "Su, Ethan"]
[Black "Lehingrat, Callum"]
[Result "1/2-1/2"]
[WhiteElo "1720"]
[BlackElo "2026"]
[PlyCount "53"]
[EventDate "2019.08.31"]
[EventType "swiss"]
[EventRounds "6"]
[EventCountry "CAN"]

1. e4 c5 2. Nf3 e6 3. c4 Nc6 4. d4 cxd4 5. Nxd4 a6 6. Nc3 d6 7. b3 Nf6 8. Nxc6
bxc6 9. Bb2 Be7 10. Be2 O-O 11. Bf3 Bb7 12. O-O Rc8 13. Qe2 Qc7 14. Rfd1 Rfd8
15. Rd2 Qb8 16. Ba3 Bf8 17. Rad1 Ne8 18. Bh5 g6 19. Bg4 Bg7 20. Na4 c5 21. Bb2
h5 22. Bxg7 Nxg7 23. Bh3 Bc6 24. Nc3 Rd7 25. Nd5 Ne8 26. Nf4 Ng7 27. Nd5
1/2-1/2

[Event "Langley op"]
[Site "Langley CAN"]
[Date "2019.09.02"]
[Round "6.6"]
[White "Mohammed Qanee, Arpak Worya"]
[Black "Wu, Nathan"]
[Result "1-0"]
[WhiteElo "2198"]
[BlackElo "1686"]
[PlyCount "51"]
[EventDate "2019.08.31"]
[EventType "swiss"]
[EventRounds "6"]
[EventCountry "CAN"]

1. e4 d5 2. exd5 Qxd5 3. Nc3 Qd6 4. Bc4 c6 5. Nf3 Nf6 6. O-O Bg4 7. h3 Bh5 8.
g4 Bg6 9. d4 e6 10. Ne5 Nbd7 11. Bf4 Nxe5 12. Bxe5 Qd8 13. Qe2 h6 14. f4 Qe7
15. f5 exf5 16. Bxf6 Qxe2 17. Bxe2 fxg4 18. Bh4 gxh3 19. Rae1 h2+ 20. Kh1 Kd7
21. Bg4+ Kc7 22. Bg3+ Bd6 23. Re7+ Kd8 24. Bxd6 Re8 25. Rd7+ Kc8 26. Rdxf7+ 1-0

[Event "Langley op"]
[Site "Langley CAN"]
[Date "2019.09.02"]
[Round "6.7"]
[White "Leblanc, Paul"]
[Black "Linnick, Mark"]
[Result "1/2-1/2"]
[WhiteElo "1760"]
[BlackElo "1923"]
[PlyCount "43"]
[EventDate "2019.08.31"]
[EventType "swiss"]
[EventRounds "6"]
[EventCountry "CAN"]

1. d4 f5 2. Nc3 Nf6 3. Bg5 e6 4. e4 fxe4 5. Nxe4 Be7 6. Bxf6 Bxf6 7. Nf3 Nc6 8.
c3 b6 9. Bd3 Qe7 10. Qe2 g6 11. Nxf6+ Qxf6 12. d5 Nd8 13. Nd4 O-O 14. dxe6 Nxe6
15. Nxe6 dxe6 16. O-O Bb7 17. Rae1 Rae8 18. Bc4 Kg7 19. Qe5 Re7 20. Re3 Rd8 21.
Rfe1 Bc8 22. h3 1/2-1/2

[Event "Langley op"]
[Site "Langley CAN"]
[Date "2019.09.02"]
[Round "6.8"]
[White "Williamson, Jason"]
[Black "Escandor, Manuel Omana"]
[Result "1-0"]
[WhiteElo "1848"]
[BlackElo "1777"]
[PlyCount "105"]
[EventDate "2019.08.31"]
[EventType "swiss"]
[EventRounds "6"]
[EventCountry "CAN"]

1. e4 e5 2. Nf3 Nc6 3. Bb5 a6 4. Ba4 Nf6 5. d3 d6 6. h3 Bd7 7. c3 Be7 8. O-O
O-O 9. Nbd2 Qc8 10. Re1 Ne8 11. d4 b5 12. Bb3 Bf6 13. Nf1 Na5 14. Bc2 Nc4 15.
b3 Nb6 16. dxe5 dxe5 17. Ba3 c5 18. Ne3 Be6 19. Nh2 Be7 20. Nd5 Qb7 21. Qd3 f5
22. Nxb6 Qxb6 23. exf5 Bxf5 24. Qd5+ Be6 25. Qxa8 Nd6 26. Qxf8+ Kxf8 27. Rxe5
Nf7 28. Re2 Bd7 29. Rae1 Bf6 30. Bf5 Ne5 31. Rxe5 Bxe5 32. Rxe5 Qf6 33. Rxc5
Ke8 34. Ng4 Qf7 35. Re5+ Kd8 36. Be7+ Kc7 37. Bxd7 Kxd7 38. Rxb5 Qf4 39. Re5
Qc1+ 40. Kh2 h5 41. Ne3 Qxc3 42. Rxh5 Qc7+ 43. g3 Qc1 44. Bb4 Qb2 45. Rd5+ Ke8
46. Rd2 Qe5 47. Nc4 Qb8 48. Bd6 Qa7 49. Re2+ Kd8 50. Bf4 Qc5 51. Be3 Qh5 52. g4
Qf7 53. Bb6+ 1-0

[Event "Langley op"]
[Site "Langley CAN"]
[Date "2019.09.02"]
[Round "6.9"]
[White "Wang, Jerry"]
[Black "Landingin, Jofrei"]
[Result "1-0"]
[WhiteElo "1656"]
[BlackElo "1801"]
[PlyCount "61"]
[EventDate "2019.08.31"]
[EventType "swiss"]
[EventRounds "6"]
[EventCountry "CAN"]

1. c4 f5 2. g3 Nf6 3. Nc3 e6 4. Bg2 Be7 5. d3 O-O 6. Nf3 c6 7. O-O d5 8. Bf4
Bd6 9. Bxd6 Qxd6 10. e4 Qb4 11. Qe2 fxe4 12. dxe4 Qxc4 13. Qxc4 dxc4 14. Ne5 b5
15. a4 b4 16. Ne2 Ba6 17. Rfe1 Nbd7 18. Nxc6 c3 19. bxc3 Bxe2 20. Rxe2 b3 21.
e5 Nd5 22. Bxd5 exd5 23. Ne7+ Kh8 24. Nxd5 Nc5 25. e6 Rac8 26. Rd1 Nxa4 27. e7
Rfe8 28. Re4 Nxc3 29. Nxc3 Rxc3 30. Rd8 Rc8 31. Rxc8 1-0

[Event "Langley op"]
[Site "Langley CAN"]
[Date "2019.09.02"]
[Round "6.10"]
[White "Mamaradlo, Jerald"]
[Black "McLaren, Brian"]
[Result "1/2-1/2"]
[WhiteElo "1386"]
[BlackElo "2189"]
[PlyCount "118"]
[EventDate "2019.08.31"]
[EventType "swiss"]
[EventRounds "6"]
[EventCountry "CAN"]

1. d4 f5 2. c4 e6 3. Nf3 Nf6 4. e3 d5 5. Nc3 c6 6. cxd5 exd5 7. Bd3 Bd6 8. Qc2
g6 9. Bd2 Qe7 10. O-O-O Nbd7 11. Kb1 Ne4 12. Be1 Ndf6 13. Nd2 Bd7 14. f3 Nxc3+
15. Qxc3 Qxe3 16. Bh4 O-O 17. Nc4 Qe7 18. Rhe1 Be6 19. Nxd6 Qxd6 20. Bg3 f4 21.
Bxf4 Qxf4 22. Rxe6 Qxh2 23. Qc2 Kf7 24. Ree1 Qd6 25. Rh1 Rae8 26. Rh3 Re7 27.
Rdh1 Ke8 28. Qd2 Kd8 29. Rc1 Kc7 30. Rhh1 Nh5 31. Qa5+ Kb8 32. Rc3 Nf4 33. Ra3
b6 34. Qa4 Rfe8 35. Rc1 Nxd3 36. Rxd3 Re1 37. Rdc3 Rxc1+ 38. Rxc1 Kb7 39. Qc2
Re3 40. a3 Qe6 41. Rd1 Re1 42. Qd2 Re2 43. Qg5 h6 44. Qxh6 Qf5+ 45. Ka1 Qc2 46.
Rb1 Rxg2 47. Qf8 a5 48. Qd6 Rd2 49. Qe5 Qc4 50. Qg7+ Ka6 51. Qxg6 Rxd4 52. Qg5
Rf4 53. Qg2 Qd3 54. Rc1 Rf6 55. Rc3 Qf5 56. Qe2+ b5 57. Qe8 Kb7 58. Qe7+ Kc8
59. Qe8+ Kc7 1/2-1/2

[Event "Laval op"]
[Site "Laval CAN"]
[Date "2019.06.21"]
[Round "1.1"]
[White "Roussel-Roozmon, Thomas"]
[Black "Durette, Francis"]
[Result "1-0"]
[WhiteElo "2463"]
[BlackElo "1924"]
[PlyCount "77"]
[EventDate "2019.06.21"]
[EventType "swiss"]
[EventRounds "5"]
[EventCountry "CAN"]

1. d4 g6 2. c4 Bg7 3. e4 d6 4. Nc3 e5 5. dxe5 Bxe5 6. Nf3 Bxc3+ 7. bxc3 Nf6 8.
c5 Qe7 9. cxd6 cxd6 10. Bd3 Bg4 11. h3 Bxf3 12. Qxf3 Nbd7 13. Qe2 O-O 14. O-O
Nc5 15. Re1 Qe5 16. Bd2 Nh5 17. Bc2 Nf4 18. Qe3 Nce6 19. g3 Nh5 20. Kg2 b6 21.
f4 Qc5 22. Qxc5 dxc5 23. f5 Rfd8 24. Rad1 Nc7 25. g4 Ng7 26. Bg5 Rxd1 27. Rxd1
Nb5 28. Bb3 Na3 29. Bd5 Rc8 30. Bb7 Rb8 31. Rd7 Nb5 32. Bd5 Rf8 33. Be7 Rc8 34.
Bf6 Rf8 35. a4 Na3 36. Be7 Rc8 37. Bd6 Nc2 38. Bxf7+ Kh8 39. Be5 1-0

[Event "Laval op"]
[Site "Laval CAN"]
[Date "2019.06.21"]
[Round "1.3"]
[White "Zhu, Hong Rui"]
[Black "Kagle, Sasha"]
[Result "1-0"]
[WhiteElo "2275"]
[BlackElo "1830"]
[PlyCount "75"]
[EventDate "2019.06.21"]
[EventType "swiss"]
[EventRounds "5"]
[EventCountry "CAN"]

1. e4 c6 2. d4 d5 3. exd5 cxd5 4. Bd3 Nc6 5. c3 Nf6 6. Bf4 Bg4 7. Qb3 Qc8 8.
Nd2 e6 9. Ngf3 Be7 10. O-O O-O 11. Qc2 Qd8 12. Rae1 Bd6 13. Ne5 Bh5 14. Bg5 Bg6
15. Bxg6 hxg6 16. Bxf6 Qxf6 17. Nd7 Qf4 18. g3 Qg4 19. Nxf8 Kxf8 20. f4 Ne7 21.
Qd1 Qh3 22. Nf3 f6 23. Qa4 Qg4 24. Qd7 Bxf4 25. Rxe6 Nf5 26. Rfe1 Kg8 27. Re8+
Rxe8 28. Rxe8+ Kh7 29. Qc8 Be3+ 30. Kg2 Nh4+ 31. Nxh4 Qe2+ 32. Kh3 Kh6 33. Qg4
Qf1+ 34. Ng2 g5 35. Rh8+ Kg6 36. Qh5+ Kf5 37. g4+ Ke4 38. Qe8+ 1-0

[Event "Laval op"]
[Site "Laval CAN"]
[Date "2019.06.21"]
[Round "1.4"]
[White "Latorre, Vincent"]
[Black "Rodrigue-Lemieux, Shawn"]
[Result "0-1"]
[WhiteElo "1822"]
[BlackElo "2257"]
[PlyCount "68"]
[EventDate "2019.06.21"]
[EventType "swiss"]
[EventRounds "5"]
[EventCountry "CAN"]

1. e4 c6 2. d4 d5 3. Nc3 dxe4 4. Nxe4 Nf6 5. Nxf6+ exf6 6. Be3 Bd6 7. Nf3 O-O
8. Bd3 Re8 9. O-O Nd7 10. c4 Nf8 11. Rc1 Ng6 12. Qc2 Bg4 13. Nd2 Qd7 14. Ne4
Bb8 15. f3 Be6 16. g3 b6 17. Bf2 h6 18. Nc3 Ne7 19. Rcd1 Bf5 20. Rfe1 Bxd3 21.
Rxd3 Bd6 22. Qd2 Bb4 23. a3 Bxc3 24. bxc3 Nf5 25. d5 c5 26. d6 Rxe1+ 27. Bxe1
g5 28. f4 g4 29. Qd1 h5 30. Rd5 Ne3 31. Qd2 Nxd5 32. Qxd5 Re8 33. Bf2 f5 34.
Qd3 Re6 0-1

[Event "Laval op"]
[Site "Laval CAN"]
[Date "2019.06.21"]
[Round "1.5"]
[White "Leveille, Francois"]
[Black "Richard, Leo"]
[Result "1-0"]
[WhiteElo "2215"]
[BlackElo "1813"]
[PlyCount "29"]
[EventDate "2019.06.21"]
[EventType "swiss"]
[EventRounds "5"]
[EventCountry "CAN"]

1. Nf3 Nf6 2. g3 d5 3. Bg2 e6 4. O-O c5 5. d4 Nc6 6. c4 b6 7. cxd5 exd5 8. Nc3
Bb7 9. Bg5 Be7 10. dxc5 bxc5 11. Bxf6 Bxf6 12. Nxd5 Bxb2 13. Rb1 Na5 14. Rxb2
Bxd5 15. Rd2 1-0

[Event "Laval op"]
[Site "Laval CAN"]
[Date "2019.06.21"]
[Round "1.6"]
[White "Lesage, Philippe"]
[Black "Feoktistov, Dmitri"]
[Result "0-1"]
[WhiteElo "1775"]
[BlackElo "2139"]
[PlyCount "54"]
[EventDate "2019.06.21"]
[EventType "swiss"]
[EventRounds "5"]
[EventCountry "CAN"]

1. c4 f5 2. g3 Nf6 3. Bg2 g6 4. d4 Bg7 5. Nh3 d6 6. Nc3 O-O 7. Nf4 c6 8. d5 Re8
9. O-O e5 10. dxe6 Bxe6 11. Nxe6 Rxe6 12. Qb3 Qe7 13. Rd1 Na6 14. Bf4 Nc5 15.
Qc2 Nfe4 16. Nxe4 Nxe4 17. Bxe4 fxe4 18. Be3 Rf8 19. Qd2 Be5 20. Rac1 Qf6 21.
b3 Qf5 22. Rf1 Qh3 23. f4 exf3 24. exf3 Bxg3 25. Qg2 Bxh2+ 26. Qxh2 Qxh2+ 27.
Kxh2 Rxe3 0-1

[Event "Laval op"]
[Site "Laval CAN"]
[Date "2019.06.21"]
[Round "1.7"]
[White "Martinez Mulet, Dario Leonel"]
[Black "Joanis, Marc-Andre"]
[Result "1-0"]
[WhiteElo "2123"]
[BlackElo "1745"]
[PlyCount "97"]
[EventDate "2019.06.21"]
[EventType "swiss"]
[EventRounds "5"]
[EventCountry "CAN"]

1. d4 d5 2. c4 c6 3. Nf3 Nf6 4. Nc3 dxc4 5. a4 Bf5 6. e3 e6 7. Bxc4 Bb4 8. O-O
O-O 9. h3 Nbd7 10. Qe2 Bg6 11. Rd1 a5 12. Bd2 Qe7 13. Be1 Ne4 14. Nxe4 Bxe4 15.
Nd2 Bg6 16. e4 Nb6 17. Bb3 Rfd8 18. Nf3 Bxe1 19. Qxe1 Qf6 20. Qe3 Nd7 21. Nd2
e5 22. d5 Qf4 23. Qxf4 exf4 24. Rac1 Ne5 25. f3 Nd3 26. Rc3 Nb4 27. Nc4 cxd5
28. Nb6 Rab8 29. Nxd5 Nxd5 30. exd5 Rbc8 31. Rd4 Rxc3 32. bxc3 Kf8 33. Rxf4 Rd6
34. Bc4 f6 35. Rd4 Be8 36. Bd3 Bg6 37. Bxg6 hxg6 38. Kf2 Ke7 39. Ke3 Rb6 40.
Re4+ Kd7 41. Kd4 Rb2 42. g4 b6 43. Kc4 Rb1 44. h4 Rb2 45. g5 Ra2 46. Kb5 Rb2+
47. Ka6 Rb3 48. gxf6 gxf6 49. Re6 1-0

[Event "Laval op"]
[Site "Laval CAN"]
[Date "2019.06.21"]
[Round "1.8"]
[White "Steinberg, Ellis"]
[Black "Tanaka, Tyler"]
[Result "0-1"]
[WhiteElo "1745"]
[BlackElo "2109"]
[PlyCount "72"]
[EventDate "2019.06.21"]
[EventType "swiss"]
[EventRounds "5"]
[EventCountry "CAN"]

1. e4 c5 2. Nf3 d6 3. d4 cxd4 4. Nxd4 Nf6 5. Nc3 g6 6. Be3 Bg7 7. f3 a6 8. Bc4
Nbd7 9. Qd2 h5 10. O-O-O b5 11. Bb3 Bb7 12. Kb1 Rc8 13. Rhe1 Qc7 14. h3 Nb6 15.
Qf2 Nc4 16. Bc1 O-O 17. g4 b4 18. Na4 Na5 19. Qd2 Nxb3 20. cxb3 a5 21. g5 Nd7
22. f4 Nc5 23. Nxc5 dxc5 24. Nf3 Rfd8 25. Qe2 Rxd1 26. Rxd1 Qc6 27. Nd2 Rd8 28.
e5 Qd7 29. Qe3 Qf5+ 30. Ka1 Qc2 31. Re1 Rd3 32. Qe2 Bc8 33. Ne4 Qxe2 34. Rxe2
Rd1 35. Kb1 Bf5 36. Kc2 Rd4 0-1